000 00894nam a2200253Ia 4500
008 130821s1998 ck gr spa
020 _a9588051193
040 _aCo-BoUCM
_bspa
041 0 0 _aspa
100 1 _aPalacio Castañeda, Germán
_d1957-
_9157088
245 1 0 _aGlobalización, estado y narcotráfico
_cGermán Palacio Castañeda
260 _aBogotá (Cundinamarca, Colombia)
_bUniversidad Nacional de Colombia
_c1998
300 _a184 páginas
504 _aIncluye bibliografía e índice
650 0 4 _aCriminología
_912152
650 0 4 _aDerecho y sociedad
_912849
650 0 4 _aEconomía internacional
_97543
650 0 4 _aNarcotráfico
_920085
650 0 4 _aNarcotráfico
_zColombia
_930836
650 0 4 _aProblemas sociales
_922324
650 0 4 _aTeoría del derecho
_925308
942 _cLIBRO
_a16
_e1
_mP15
_2DEWEY
_h364.157
999 _c24849
_d24849